Signs of the Wali (Record no. 351311)
[ view plain ]
| 000 -LEADER | |
|---|---|
| fixed length control field | 00696nam a2200145Ia 4500 |
| 008 - FIXED-LENGTH DATA ELEMENTS--GENERAL INFORMATION | |
| fixed length control field | 171212s9999 xx 000 0 und d |
| 020 ## - INTERNATIONAL STANDARD BOOK NUMBER | |
| International Standard Book Number | 9781921313691 |
| 100 ## - MAIN ENTRY--PERSONAL NAME | |
| Personal name | Christomy, Tommy |
| 245 ## - TITLE STATEMENT | |
| Statement of responsibility, etc | Christomy, Tommy |
| Title | Signs of the Wali |
| Remainder of title | Narratives at the Sacred Sites in Pamijahan, West Java |
| 260 ## - PUBLICATION, DISTRIBUTION, ETC. (IMPRINT) | |
| Name of publisher, distributor, etc | ANU E Press |
| Date of publication, distribution, etc | 2008 |
| 440 ## - SERIES STATEMENT/ADDED ENTRY--TITLE | |
| Title | Islam in Southeast Asia |
| 650 ## - SUBJECT ADDED ENTRY--TOPICAL TERM | |
| Topical term or geographic name as entry element | Islam and culture -- Indonesia -- Java; Muslim saints -- Indonesia -- Java; Islamic shrines -- Indonesia -- Jawa Barat; Sundanese (Indonesian people) -- Rites and ceremonies; Sundanese literature -- History and criticism; Saints in literature |
| 650 ## - SUBJECT ADDED ENTRY--TOPICAL TERM | |
| Topical term or geographic name as entry element | Religion |
| 856 ## - ELECTRONIC LOCATION AND ACCESS | |
| Uniform Resource Identifier | <a href="www.jstor.org/stable/10.2307/j.ctt24h38j">www.jstor.org/stable/10.2307/j.ctt24h38j</a> |
| Withdrawn status | Lost status | Damaged status | Home library | Current library | Date acquired | Total Checkouts | Date last seen | Price effective from | Koha item type |
|---|---|---|---|---|---|---|---|---|---|
| College Library | College Library | 12/12/2017 | 12/12/2017 | 12/12/2017 | Curriculum - Based eBooks |